000 01668cam a22004694i 4500
003 PE-LiUPU
005 20250731184513.0
008 161207s r 000 0 spa d
020 _a978997251242
035 _a(Sirsi) a165608
040 _aPE-LiUPU
049 _aPRUA
082 0 4 _a980
_bA7
040 _aPE-LiUPU
245 3 _aLa arqueología y la etnohistoria :
_bun encuentro andino /
_cJohn R. Topic, editor.
250 _aPrimera edición.
264 _aLima :
_bInstituto de Estudios Peruanos ;
_aNueva York :
_bInstitute of Andean Research,
_c2009.
300 _a362 páginas :
_bilustraciones ;
_c24 centímetros.
336 _text
_2rdacontent
337 _unmediated
_2rdamedia
338 _volume
_2rdacarrier
505 0 _aMitos y cosmología -- Etnicidad e identidad -- Las fronteras del imperio -- Hacia la integración de la arqueología y la etnohistoria.
526 _aP136
526 _aP135
526 _aP134
526 _aP133
526 _aP144
526 _aP143
526 _aP87
526 _aP35
526 _aP20
526 _aP14
526 _aP10
526 _aP06
541 _g003-0047643;
650 1 4 _aArqueología e historia
_zRegión de los Andes
_xCongresos.
650 2 4 _aEtnohistoria
_zRegión de los Andes
_xCongresos.
650 2 4 _aExcavaciones (Arqueología)
_zRegión de los Andes
_xCongresos.
596 _a1
942 _2ddc
_cBOOK
999 _a980 A7
_wDEWEY
_c14386
_i74901
_d14386
_e2019-11-6
_f2021-11-10
_g7
_lCCODEBUL1
_mBUL
_n2
_p14.62
_r0
_sY
_tBOOK
_u2016-12-7
_xINGENIERIA
_PP06
_0COMPRA
980 _81
_gALBERTO SANCHEZ Responsable de Automatización